Which City in Norway? - Statistics

General Stats
  • This quiz has been taken 277 times
  • The average score is 10 of 15
Answer Stats
Description Letter City % Correct
This city became a bureau city of the Hanseatic League at the end of the 13th century B Bergen
97%
Site of a terrorist attack in 2011 O Oslo
95%
"Kaupangen" and "Nidaros" are its historical names T Trondheim
86%
1994 Winter Olympics host town L Lillehammer
85%
Widely referred to as the "Oil Capital" of Norway S Stavanger
85%
Largest city north of the Arctic Circle, outside Russia that is T Tromsø
84%
World's northernmost town with a population above 10,000 people H Hammerfest
66%
Administrative center of Svalbard - also the world's northernmost settlement L Longyearbyen
66%
Town in northern Norway that was site of a major battle in World War II N Narvik
66%
Home to the largest zoo in Norway K Kristiansand
64%
A fire almost destroyed the entire city in 1904 Å Ålesund
61%
This major city in Northern Norway is the seat of the Civil Aviation Authority of Norway B Bodø
53%
Its football club is the highest ranked in the nation M Molde
49%
Built at the mouth of Glomma, Norway's longest river F Fredrikstad
46%
Located at the end of the most famous fjord in Norway G Geiranger
39%
No matching quizzes found
Score Distribution
Percent of People with Each Score
Percentile by Number Answered
Your Score History
You have not taken this quiz